RICS Arts and antiques market survey (Record no. 109272)

MARC details
000 -LEADER
fixed length control field 00981cad a22002295a 4500
001 - CONTROL NUMBER
control field L146734
008 - FIXED-LENGTH DATA ELEMENTS--GENERAL INFORMATION
fixed length control field 090220s2008 xxkd f s 000 0 eng d
035 ## - SYSTEM CONTROL NUMBER
System control number (Sirsi) u146734
041 0# - LANGUAGE CODE
Language code of text/sound track or separate title eng
050 04 - LIBRARY OF CONGRESS CALL NUMBER
Classification number 346.4172 $2 18
110 2# - MAIN ENTRY--CORPORATE NAME
Corporate name or jurisdiction name as entry element Royal Institution of Chartered Surveyors
Subordinate unit Economics
9 (RLIN) 5033
245 00 - TITLE STATEMENT
Title RICS Arts and antiques market survey
Remainder of title fourth quarter 2008
Medium [electronic resource]
260 ## - PUBLICATION, DISTRIBUTION, ETC.
Place of publication, distribution, etc. London
-- ICS
Date of publication, distribution, etc. 2008
490 #0 - SERIES STATEMENT
Series statement RICS Arts and Antiques Market Survey
Volume/sequential designation Fourth Quarter 2008
520 ## - SUMMARY, ETC.
Summary, etc. Reports that the top end of the market finally stopped rising due to the global economic downturn. Reveals that confidence in the demand and sales outlooks have fallen.
590 ## - LOCAL NOTE (RLIN)
Local note KA
650 24 - SUBJECT ADDED ENTRY--TOPICAL TERM
Topical term or geographic name entry element RICS ARTS AND ANTIQUES MARKET SURVEY
651 #4 - SUBJECT ADDED ENTRY--GEOGRAPHIC NAME
Geographic name United Kingdom
Chronological subdivision
690 ## - LOCAL SUBJECT ADDED ENTRY--TOPICAL TERM (OCLC, RLIN)
Topical term or geographic name as entry element Arts and antiques
9 (RLIN) 6217
856 40 - ELECTRONIC LOCATION AND ACCESS
Uniform Resource Identifier <a href="https://www.rics.org/RICSWEB/getpage.aspx?p=LITYb630aEmEzilUvDqsqg">https://www.rics.org/RICSWEB/getpage.aspx?p=LITYb630aEmEzilUvDqsqg</a>
Public note View the market survey free of charge at www.rics.org...
942 ## - ADDED ENTRY ELEMENTS (KOHA)
Suppress in OPAC 0
Holdings
Withdrawn status Lost status Source of classification or shelving scheme Damaged status Not for loan Home library Current library Shelving location Date acquired Total Checkouts Full call number Barcode Date last seen Copy number Price effective from Koha item type
    Dewey Decimal Classification     Virtual Virtual Online 20/02/2009   ONLINE PUBLICATION 146734-2001 06/08/2019 1 06/08/2019 Book